[Event "GER-ch U25"]
[Site "Willingen"]
[Date "2007.05.26"]
[Round "1"]
[White "Helmich, Florian"]
[Black "Wierum, Colin"]
[Result "0-1"]
[WhiteElo "953"]
[BlackElo "1650"]
[PlyCount "57"]
[EventDate "2007.05.26"]
[EventType "swiss"]
[EventRounds "9"]
[EventCountry "GER"]
[SourceTitle "CBM 118 Extra"]
[Source "ChessBase"]
[SourceDate "2007.07.04"]
[SourceVersion "1"]
[SourceVersionDate "2007.07.04"]
[SourceQuality "1"]

1. d4 d5 2. Nf3 e6 3. c4 f5 4. Nc3 Nf6 5. Bg5 c6 6. e3 Be7 7. Qc2 0-0 8. Bd3 Ne4 9. Bxe7 Qxe7 10. Nxe4 fxe4 11. Bxe4 dxe4 12. Qxe4 Nd7 13. 0-0 Nf6 14. Qd3 Rd8 15. Rad1 b6 16. Qb3 Bb7 17. c5 Ba6 18. Rfe1 Rab8 19. cxb6 Rxb6 20. Qc2 Nd5 21. a3 Re8 22. e4 Nf6 23. Ne5 Nd7 24. Nc4 Bxc4 25. Qxc4 Rxb2 26. d5 Qf8 27. Re2 exd5 28. exd5 Nb6 29. dxc6+ 0-1